History Quiz

Random History or Clickable Quiz

The 2014 Scotland Referendum Quiz Stats

 Plays Quiz Updated Jul 14, 2016

Also try: Scot or Not
Challenge
Share
Tweet
Embed
Score 0/39 Timer 15:00
1 Play Today
% Correct
???
97.9%
???
97.5%
???
94.8%
???
86.2%
???
86.1%
???
84.3%
???
83.9%
???
83.6%
???
83.6%
???
83.5%
???
83.5%
???
82.9%
???
82.8%
???
82.4%
???
81.5%
???
81.1%
???
80.4%
???
80.4%
???
79.7%
???
79.5%
% Correct
???
78.5%
???
78.1%
???
77.7%
???
77.2%
???
77.1%
???
76.1%
???
75.7%
???
74.7%
???
73.2%
???
72.8%
???
72.4%
???
71.1%
???
70%
???
69.1%
???
66.8%
???
65.2%
???
65.1%
???
57.3%
???
55.1%

You're not logged in!

Compare scores with friends on all Sporcle quizzes.
Join for Free
OR
Log In

You Might Also Like...

Show Comments

Extras

Top Quizzes Today


Score Distribution

Your Account Isn't Verified!

In order to create a playlist on Sporcle, you need to verify the email address you used during registration. Go to your Sporcle Settings to finish the process.

Report this User

Report this user for behavior that violates our Community Guidelines.

Details: